Piłkarska kariera Jana Bednarka. - Statystyki

Ogólne statystyki
  • Ten quiz został rozwiązany 94 razy
  • Średni wynik to 3 z 5
Statystyki odpowiedzi
Lata Drużyna % Poprawnych
2013-2015 Lech Poznań
96%
2016-2017 Lech Poznań
96%
2017-teraz Southampton
96%
2015-2016 Górnik Łęczna
32%
?-2012 Lech Poznań II
14%
Nie znaleziono quizów pasujących do podanych kryteriów
Rozkład punktacji
Procent ludzi z każdym wynikiem
Percentyl według liczby udzielonych odpowiedzi
Twoja historia wyników
Nie rozwiązałeś tego quizu